| 000 | 00530nam a2200193Ia 4500 | ||
|---|---|---|---|
| 003 | LDD | ||
| 008 | 181029s9999 xx 000 0 und d | ||
| 020 |
_a761955143 _cP 24.99 |
||
| 040 | _cLDD | ||
| 100 | _aJames, Paul | ||
| 245 | 0 |
_aGlobalism Nationalism, tribalism _bBringing Theory Back in _cPaul James |
|
| 260 |
_aLondon _bSage _c2006 |
||
| 300 | _a2v. | ||
| 365 | _bP 24.99 | ||
| 901 |
_a3842 _b12-02-2007 |
||
| 902 |
_aG-937/06-07 _b08-03-2007 _cF _dMPD _e31 |
||
| 903 |
_aDiscount-10 _bReqst by : T. Kapur |
||
| 942 |
_2ddc _cBK |
||
| 999 |
_c78331 _d78331 |
||